000 00399nam a2200121 i 4500
001 bg
245 0 _aOdprowadzanie i oczyszczanie ścieków i odpadów w rolnictwie a ochrona środowiska :
_bIII Krajowa Kurso-Konferencja Naukowo-Techniczna, Słupsk, 24-25 września 1979 r.
260 _aSłupsk,
_c1979.
040 _cBPK
041 _apol
942 _cKS
008 s pl f |000 0 pol
999 _c1417
_d1417
856 _uhttp://koha.tu.koszalin.pl/cgi-bin/koha/opac-detail.pl?biblionumber=1417
_yKatalog online BPK